Name All Goosebumps Hall of Horrors Books - Statistics

General Stats
  • This quiz has been taken 7 times
  • The average score is 3 of 6
Answer Stats
Hint Answer % Correct
2 Night of the Giant Everything
100%
1 Claws!
80%
5 Don't Scream!
60%
4 Why I Quit Zombie School
40%
6 The Birthday Party of No Return
20%
3 SE The Five Mask of Dr. Scream
0%
No matching quizzes found
Score Distribution
Percent of People with Each Score
Percentile by Number Answered
Your Score History
You have not taken this quiz